| 000 | 00623nam a2200193 i 4500 | ||
|---|---|---|---|
| 003 | IT-RoINE | ||
| 005 | 20170719054035.0 | ||
| 008 | 900725s1929 sp r | spa d | ||
| 040 |
_aSpMaBN _cIT-RoINE _dIT-RoINE |
||
| 100 | 1 |
_aAguado, José María _922613 |
|
| 245 | 1 | 0 |
_aGlosario sobre Juan Ruiz : _bpoeta castellano del Siglo XIV / _cJosé Maria Aguado |
| 260 |
_aMadrid : _bEspasa-Calpe, _c1929. |
||
| 300 |
_a637 p. ; _c24 cm. |
||
| 336 |
_2rdacontent _atext |
||
| 337 |
_2rdamedia _aunmediated |
||
| 338 |
_2rdacarrier _avolume |
||
| 600 | 1 | 4 |
_aRuiz, Juan, _c Arcipreste de Hita, _d1283-1350 _xLengua _937062 |
| 942 | _cMTS | ||
| 999 |
_c18601 _d18601 |
||